Statistiques concernant Les Grands Corsaires ( One Piece )

Cliquez ici pour prendre le quiz!

Statistiques générales

  • Ce quiz a été pris 77 fois
  • Le résultat moyen est 10 sur 11

Statistiques - réponses

Réponse% Correct
Crocodile
100%
Doflamingo
100%
Law
100%
Teach
100%
Baggy
99%
Kuma
97%
Boa
96%
Jinbe
96%
Mihawk
96%
Moria
94%
Weeble
44%

Distribution des résultats

Percentile par nombre de réponses

% des personnes avec chaque résultat

Votre développement - résultats

Vous n’avez pas pris ce quiz